[Event "San Sebastian 2011/2012"]
[Site "San Sebastian ESP"]
[Date "2011.12.30"]
[Round "3"]
[White "Alsina Leal, D."]
[Black "Vachier Lagrave, M."]
[Result "0-1"]
[WhiteElo "2535"]
[BlackElo "2710"]
[PlyCount "78"]
[EventDate "2011.12.28"]

1. e4 c5 2. Nf3 d6 3. d4 cxd4 4. Qxd4 Nf6 5. Nc3 Nc6 6. Bb5 Nd7 7. Qa4 Nb6 8.
Qb3 e6 9. Be3 Be7 10. a4 O-O 11. a5 Nd7 12. a6 Rb8 13. axb7 Bxb7 14. Qc4 Nde5
15. Nxe5 Nxe5 16. Qe2 a6 17. Ba4 f5 18. Bd4 Ng6 19. O-O e5 20. Ba7 Ra8 21. Be3
f4 22. Qc4+ Kh8 23. Bd2 f3 24. g3 Rc8 25. Qd3 Rxc3 26. Bxc3 Qc8 27. Rfe1 Nf4
28. Qf1 Ng2 29. Bb3 Qg4 30. Bd5 Bxd5 31. exd5 Nxe1 32. Rxe1 h5 33. Qd3 Qh3 34.
Qf1 Qg4 35. Qd3 Rf4 36. Qxa6 h4 37. Ra1 Rc4 38. Kh1 hxg3 39. fxg3 Qe4 0-1

[Event "San Sebastian 2011/2012"]
[Site "San Sebastian ESP"]
[Date "2011.12.30"]
[Round "3"]
[White "Bacrot, E."]
[Black "San Segundo Carrillo, P."]
[Result "1-0"]
[WhiteElo "2714"]
[BlackElo "2509"]
[PlyCount "47"]
[EventDate "2011.12.28"]

1. c4 e6 2. Nf3 d5 3. g3 dxc4 4. Qa4+ Nd7 5. Qxc4 a6 6. Qc2 b6 7. Bg2 Bb7 8.
O-O Ngf6 9. d3 Be7 10. e4 O-O 11. Bf4 c5 12. Nc3 b5 13. Rfd1 Qb6 14. a4 Rfc8
15. Qe2 b4 16. Nb1 c4 17. dxc4 Bxe4 18. Nbd2 Bc6 19. Nb3 Nc5 20. Be3 Bb7 21. a5
Qc7 22. Bf4 Qc6 23. Nxc5 Qxc5 24. b3 1-0

[Event "San Sebastian 2011/2012"]
[Site "San Sebastian ESP"]
[Date "2011.12.30"]
[Round "3"]
[White "Franco Alonso, A."]
[Black "Ponomariov, R."]
[Result "1/2-1/2"]
[WhiteElo "2454"]
[BlackElo "2723"]
[PlyCount "73"]
[EventDate "2011.12.28"]

1. Nf3 d5 2. d4 Nf6 3. c4 e6 4. g3 Bb4+ 5. Bd2 Be7 6. Bg2 c6 7. O-O Nbd7 8. Qc2
b6 9. Rd1 Ba6 10. b3 O-O 11. a4 Rc8 12. a5 c5 13. axb6 Qxb6 14. Qa2 Bb7 15. b4
cxb4 16. c5 Nxc5 17. dxc5 Bxc5 18. Be1 Ra8 19. Qa5 Qxa5 20. Rxa5 Bb6 21. Rb5
Ba6 22. Rxb4 Bxe2 23. Rc1 Nd7 24. Nc3 Bd3 25. Na4 Rfc8 26. Rxc8+ Rxc8 27. Nxb6
axb6 28. Rd4 Be4 29. Rd1 h6 30. Nd4 Bxg2 31. Kxg2 Ne5 32. Nf3 Nc4 33. Rb1 Rc6
34. Nd2 Nd6 35. Nf3 Nc4 36. Nd2 Nd6 37. Nf3 1/2-1/2

[Event "San Sebastian 2011/2012"]
[Site "San Sebastian ESP"]
[Date "2011.12.30"]
[Round "3"]
[White "Gashimov, V."]
[Black "Izeta, F."]
[Result "1-0"]
[WhiteElo "2757"]
[BlackElo "2459"]
[PlyCount "55"]
[EventDate "2011.12.28"]

1. e4 c6 2. d4 d5 3. e5 Bf5 4. Nf3 e6 5. Be2 Ne7 6. O-O Nd7 7. Nbd2 Bg4 8. h3
Bxf3 9. Nxf3 c5 10. c4 cxd4 11. Bg5 dxc4 12. Qxd4 Nc6 13. Qxc4 Be7 14. Bf4 O-O
15. Rfd1 Qc7 16. Rac1 Nb6 17. Qe4 Nd5 18. Bd3 g6 19. Bh6 Rfd8 20. h4 Ndb4 21.
Bb1 Rxd1+ 22. Rxd1 Rd8 23. Rc1 Qb6 24. h5 Qa6 25. hxg6 hxg6 26. Bg5 Qa5 27. Qh4
Nxe5 28. Bxg6 1-0

[Event "San Sebastian 2011/2012"]
[Site "San Sebastian ESP"]
[Date "2011.12.30"]
[Round "3"]
[White "Izeta, F."]
[Black "Gashimov, V."]
[Result "0-1"]
[WhiteElo "2459"]
[BlackElo "2757"]
[PlyCount "56"]
[EventDate "2011.12.28"]

1. d4 Nf6 2. Nf3 g6 3. c4 Bg7 4. g3 c5 5. Nc3 cxd4 6. Nxd4 O-O 7. Bg2 Qc7 8.
Bg5 Qxc4 9. Rc1 Qb4 10. O-O Nc6 11. Nb3 e6 12. e4 h6 13. Be3 b6 14. e5 Ng4 15.
a3 Nxe3 16. axb4 Nxd1 17. Rfxd1 Rb8 18. f4 Nxb4 19. Nb5 a5 20. Rc7 Ba6 21. N3d4
Rfd8 22. Nd6 Bf8 23. N4b5 Be7 24. Ra7 Bxb5 25. Nxb5 Rbc8 26. Nd6 Bxd6 27. Rxd6
Rc1+ 28. Bf1 Nd5 0-1

[Event "San Sebastian 2011/2012"]
[Site "San Sebastian ESP"]
[Date "2011.12.30"]
[Round "3"]
[White "Khamrakulov, I."]
[Black "Moiseenko, A1."]
[Result "1/2-1/2"]
[WhiteElo "2518"]
[BlackElo "2715"]
[PlyCount "37"]
[EventDate "2011.12.28"]

1. e4 c5 2. Nf3 Nc6 3. Bb5 d6 4. O-O Bd7 5. c3 Nf6 6. Re1 a6 7. Bf1 Bg4 8. d4
cxd4 9. cxd4 e5 10. d5 Nd4 11. Nbd2 Rc8 12. Bd3 Be7 13. h3 Bh5 14. Qa4+ b5 15.
Qxa6 Ra8 16. Qb7 Rb8 17. Qa7 Ra8 18. Qb7 Rb8 19. Qa7 1/2-1/2

[Event "San Sebastian 2011/2012"]
[Site "San Sebastian ESP"]
[Date "2011.12.30"]
[Round "3"]
[White "Libiszewski, F."]
[Black "Mamedyarov, S."]
[Result "1/2-1/2"]
[WhiteElo "2500"]
[BlackElo "2733"]
[PlyCount "49"]
[EventDate "2011.12.28"]

1. e4 e5 2. Nf3 Nc6 3. Bb5 a6 4. Ba4 Nf6 5. O-O Nxe4 6. d4 b5 7. Bb3 d5 8. dxe5
Be6 9. Qe2 Bc5 10. Be3 Qe7 11. Rd1 Rd8 12. c3 O-O 13. Nbd2 Bg4 14. Nxe4 dxe4
15. Rxd8 Rxd8 16. Bxc5 Qxc5 17. Bxf7+ Kh8 18. Qxe4 Bxf3 19. Qxf3 Nxe5 20. Qf5
Nd3 21. Qxc5 Nxc5 22. Re1 g6 23. h4 Rd7 24. Bb3 Kg7 25. Kf1 1/2-1/2

[Event "San Sebastian 2011/2012"]
[Site "San Sebastian ESP"]
[Date "2011.12.30"]
[Round "3"]
[White "Mamedyarov, S."]
[Black "Libiszewski, F."]
[Result "1/2-1/2"]
[WhiteElo "2733"]
[BlackElo "2500"]
[PlyCount "53"]
[EventDate "2011.12.28"]

1. d4 Nf6 2. c4 g6 3. Nc3 Bg7 4. g3 c6 5. e4 d5 6. cxd5 cxd5 7. e5 Ne4 8. Bg2
Nc6 9. Nge2 Bg4 10. h3 Nxc3 11. bxc3 Bxe2 12. Qxe2 e6 13. Rb1 b6 14. h4 h5 15.
Bg5 Qc7 16. g4 hxg4 17. Qxg4 Nxe5 18. dxe5 Qxc3+ 19. Bd2 Qxe5+ 20. Kf1 Qd4 21.
Qe2 Rc8 22. Rh3 Kf8 23. Ra3 Rc7 24. Bg5 Bf6 25. Rd3 Qe5 26. Qxe5 Bxe5 27. Re1
1/2-1/2

[Event "San Sebastian 2011/2012"]
[Site "San Sebastian ESP"]
[Date "2011.12.30"]
[Round "3"]
[White "Naiditsch, A."]
[Black "Shchekachev, A."]
[Result "1-0"]
[WhiteElo "2712"]
[BlackElo "2515"]
[PlyCount "63"]
[EventDate "2011.12.28"]

1. e4 e5 2. Nf3 Nc6 3. Bb5 a6 4. Ba4 Nf6 5. d3 d6 6. c4 Bg4 7. Nc3 Be7 8. h3
Bxf3 9. Qxf3 O-O 10. Bxc6 bxc6 11. Be3 Nd7 12. h4 Re8 13. Ne2 Qb8 14. O-O-O Qb4
15. Ng3 Rab8 16. Rd2 Qa5 17. b3 Bf8 18. Kd1 Nc5 19. Rh3 Ne6 20. Nh5 Be7 21. Rg3
g6 22. Nf6+ Bxf6 23. Qxf6 Ng7 24. Rf3 Rf8 25. Bh6 Nh5 26. Qe7 f6 27. Bxf8 Rxf8
28. d4 exd4 29. g4 Ng7 30. Rxf6 Rxf6 31. Qxf6 c5 32. h5 1-0

[Event "San Sebastian 2011/2012"]
[Site "San Sebastian ESP"]
[Date "2011.12.30"]
[Round "3"]
[White "Ponomariov, R."]
[Black "Franco Alonso, A."]
[Result "1-0"]
[WhiteElo "2723"]
[BlackElo "2454"]
[PlyCount "123"]
[EventDate "2011.12.28"]

1. d4 Nf6 2. c4 e6 3. Nf3 d5 4. Nc3 dxc4 5. Qa4+ c6 6. Qxc4 b5 7. Qd3 Be7 8. e4
b4 9. Na4 Ba6 10. Qc2 Bxf1 11. Kxf1 Qa5 12. b3 Qb5+ 13. Kg1 Nbd7 14. Be3 O-O
15. h3 Rfc8 16. Nc5 Nxc5 17. dxc5 a5 18. Kh2 a4 19. Rac1 axb3 20. axb3 Ra5 21.
Rhd1 Rca8 22. Ne5 Ra2 23. Qc4 Qb8 24. f4 Qb7 25. Rd2 Bd8 26. Nd3 Rxd2 27. Bxd2
Bc7 28. Rc2 Rd8 29. Be3 h6 30. Ra2 Bb8 31. Qxb4 Qc7 32. Qc4 Qd7 33. Nf2 g5 34.
g3 h5 35. fxg5 h4 36. gxf6 hxg3+ 37. Kg2 gxf2 38. Qe2 Qd1 39. Kxf2 Be5 40. Ra6
Qxe2+ 41. Kxe2 Rb8 42. Rxc6 Rxb3 43. Rb6 Rc3 44. Rb1 Bxf6 45. Rc1 Rxc1 46. Bxc1
Kf8 47. Kd3 Ke7 48. Kc4 Kd7 49. Kb5 Be5 50. Kb6 Bd4 51. Ba3 Kc8 52. Kc6 Be5 53.
Bc1 Bg3 54. Bb2 f5 55. exf5 exf5 56. Kd5 f4 57. Be5 Kd7 58. c6+ Kc8 59. Ke4 Bh2
60. Bxf4 Bxf4 61. Kxf4 Kc7 62. h4 1-0

[Event "San Sebastian 2011/2012"]
[Site "San Sebastian ESP"]
[Date "2011.12.30"]
[Round "3"]
[White "San Segundo Carrillo, P."]
[Black "Bacrot, E."]
[Result "0-1"]
[WhiteElo "2509"]
[BlackElo "2714"]
[PlyCount "60"]
[EventDate "2011.12.28"]

1. d4 d5 2. c4 c6 3. Nf3 Nf6 4. Nc3 a6 5. a4 e6 6. g3 c5 7. cxd5 cxd4 8. Nxd4
Nxd5 9. Bd2 Nb4 10. Nc2 Bd7 11. Nxb4 Bxb4 12. Bg2 Bc6 13. O-O Bxg2 14. Kxg2 Nc6
15. Be3 Qxd1 16. Rfxd1 Ke7 17. Na2 Rhc8 18. Nxb4 Nxb4 19. Rac1 Ke8 20. Bd4 f6
21. Rc3 Rd8 22. Rc4 Nc6 23. Rd2 Rd5 24. Bc3 Rxd2 25. Bxd2 Rd8 26. Bc3 Rd1 27.
g4 e5 28. g5 fxg5 29. Rg4 h6 30. h4 Kf7 0-1

[Event "San Sebastian 2011/2012"]
[Site "San Sebastian ESP"]
[Date "2011.12.30"]
[Round "3"]
[White "Vachier Lagrave, M."]
[Black "Alsina Leal, D."]
[Result "1/2-1/2"]
[WhiteElo "2710"]
[BlackElo "2535"]
[PlyCount "96"]
[EventDate "2011.12.28"]

1. d4 d5 2. c4 c6 3. Nc3 Nf6 4. e3 e6 5. Nf3 Nbd7 6. Bd3 dxc4 7. Bxc4 b5 8. Bd3
a6 9. O-O c5 10. Qe2 Bb7 11. Bd2 Be7 12. Rfd1 O-O 13. Rac1 Qb6 14. Bb1 Rfd8 15.
Be1 Rac8 16. dxc5 Nxc5 17. Rxd8+ Rxd8 18. b4 Nce4 19. Nxe4 Bxe4 20. Bxe4 Nxe4
21. Qc2 Nf6 22. Ne5 Bd6 23. Nc6 Rd7 24. Na5 Rc7 25. Qd1 h6 26. a3 Nd5 27. Bd2
Rxc1 28. Qxc1 Qc7 29. Qxc7 Bxc7 30. Nb3 Bd6 31. Kf1 Nb6 32. Ke2 Nc4 33. Bc1 Kf8
34. Nd2 Nxd2 35. Kxd2 Ke7 36. Bb2 g6 37. h3 h5 38. Kd3 Kd7 39. g4 f5 40. f3 Bg3
41. Bd4 Kd6 42. gxh5 gxh5 43. e4 Bf4 44. Bc5+ Kc6 45. Be3 Be5 46. Bd4 Bf4 47.
Be3 Be5 48. Bd4 Bf4 1/2-1/2

[Event "San Sebastian 2011/2012"]
[Site "San Sebastian ESP"]
[Date "2012.01.02"]
[Round "4"]
[White "Dominguez Perez, L."]
[Black "Fressinet, L."]
[Result "1/2-1/2"]
[WhiteElo "2712"]
[BlackElo "2700"]
[PlyCount "68"]
[EventDate "2011.12.28"]

1. e4 e5 2. Nf3 Nc6 3. Bb5 f5 4. Nc3 fxe4 5. Nxe4 Nf6 6. Nxf6+ Qxf6 7. Qe2 Be7
8. Bxc6 bxc6 9. Nxe5 Qe6 10. Nc4 d5 11. Qxe6 Bxe6 12. Ne5 Bf6 13. f4 Bxe5 14.
fxe5 d4 15. d3 Rf8 16. b3 Rf5 17. Ba3 O-O-O 18. Rf1 Rh5 19. h3 Rd5 20. Kd2 c5
21. Rae1 Kd7 22. Kd1 Rdxe5 23. Rxe5 Rxe5 24. Bc1 Bd5 25. Rf2 Re6 26. Rf7+ Re7
27. Rxe7+ Kxe7 28. g3 Bg2 29. h4 Bf3+ 30. Ke1 Ke6 31. Bf4 c6 32. Bb8 a6 33. Ba7
Kd5 34. Kd2 Ke5 1/2-1/2

[Event "San Sebastian 2011/2012"]
[Site "San Sebastian ESP"]
[Date "2012.01.02"]
[Round "4"]
[White "Feller, S."]
[Black "Ponomariov, R."]
[Result "1-0"]
[WhiteElo "2658"]
[BlackElo "2723"]
[PlyCount "123"]
[EventDate "2011.12.28"]

1. d4 Nf6 2. c4 e6 3. Nf3 d5 4. Nc3 Nbd7 5. cxd5 exd5 6. Bg5 Be7 7. e3 c6 8.
Qc2 O-O 9. Bd3 Re8 10. h3 Ne4 11. Bf4 Ndf6 12. Ne5 g6 13. O-O Nd6 14. Rad1 Bf5
15. f3 Bxd3 16. Qxd3 Nh5 17. Bh2 f6 18. Ng4 f5 19. Ne5 Bf6 20. e4 dxe4 21. fxe4
fxe4 22. Nxe4 Nxe4 23. Qxe4 Bg7 24. Qf3 Qd5 25. Qxd5+ cxd5 26. Rc1 Rac8 27. b4
Bh6 28. Rc5 Be3+ 29. Kh1 Red8 30. g4 Ng7 31. Nd7 Bxd4 32. Rxd5 Bc3 33. a3 Ne6
34. Rfd1 Bg7 35. Be5 Nf8 36. Nf6+ Bxf6 37. Bxf6 Rxd5 38. Rxd5 Kf7 39. g5 h6 40.
Bd4 hxg5 41. Bxa7 Rc3 42. a4 Rxh3+ 43. Kg1 Ke8 44. Rb5 Rh7 45. a5 Ne6 46. Rb6
Re7 47. b5 Nd4 48. Kf1 Nb3 49. a6 bxa6 50. Rb8+ Kd7 51. Rb7+ Ke6 52. bxa6 Rd7
53. Be3 Rd1+ 54. Ke2 Ra1 55. a7 Ra2+ 56. Kf3 g4+ 57. Kxg4 Na1 58. Rb8 Nc2 59.
Bb6 Ra4+ 60. Kg5 Ne1 61. a8=Q Nf3+ 62. Qxf3 1-0

[Event "San Sebastian 2011/2012"]
[Site "San Sebastian ESP"]
[Date "2012.01.02"]
[Round "4"]
[White "Fressinet, L."]
[Black "Dominguez Perez, L."]
[Result "1/2-1/2"]
[WhiteElo "2700"]
[BlackElo "2712"]
[PlyCount "79"]
[EventDate "2011.12.28"]

1. Nf3 d5 2. c4 c6 3. e3 Nf6 4. Nc3 a6 5. d4 b5 6. b3 Bg4 7. Be2 Nbd7 8. h3 Bh5
9. O-O e6 10. Bb2 Bd6 11. c5 Bxf3 12. Bxf3 Bc7 13. b4 O-O 14. a4 Re8 15. e4
dxe4 16. Bxe4 Nxe4 17. Nxe4 Nf6 18. Nxf6+ Qxf6 19. Qg4 Qf4 20. Qxf4 Bxf4 21.
Bc3 Bg5 22. f4 Bf6 23. Kf2 Red8 24. Ke3 Kf8 25. Ra2 Ke8 26. g4 h6 27. Rfa1 Rac8
28. axb5 axb5 29. Ra7 Rd7 30. f5 Rd5 31. Ra8 Rxa8 32. Rxa8+ Kd7 33. Ke4 exf5+
34. gxf5 g6 35. Ra7+ Kc8 36. Rxf7 Rxf5 37. Rf8+ Kd7 38. Rf7+ Kc8 39. Rf8+ Kd7
40. Rf7+ 1/2-1/2

[Event "San Sebastian 2011/2012"]
[Site "San Sebastian ESP"]
[Date "2012.01.02"]
[Round "4"]
[White "Gashimov, V."]
[Black "Landa, K."]
[Result "1/2-1/2"]
[WhiteElo "2757"]
[BlackElo "2639"]
[PlyCount "37"]
[EventDate "2011.12.28"]

1. Nf3 d5 2. c4 e6 3. b3 Nf6 4. Bb2 Be7 5. g3 O-O 6. Bg2 c5 7. O-O Nc6 8. e3 b6
9. d3 Bb7 10. Qe2 Qc7 11. Nc3 Rad8 12. Rac1 Qb8 13. Rfd1 Rfe8 14. a3 h6 15. Qc2
Qa8 16. Nb5 Qb8 17. Nc3 Qa8 18. Nb5 Qb8 19. Nc3 1/2-1/2

[Event "San Sebastian 2011/2012"]
[Site "San Sebastian ESP"]
[Date "2012.01.02"]
[Round "4"]
[White "Landa, K."]
[Black "Gashimov, V."]
[Result "1/2-1/2"]
[WhiteElo "2639"]
[BlackElo "2757"]
[PlyCount "73"]
[EventDate "2011.12.28"]

1. d4 Nf6 2. c4 c5 3. Nf3 cxd4 4. Nxd4 Nc6 5. Nc3 e6 6. Ndb5 Bb4 7. a3 Bxc3+ 8.
Nxc3 d5 9. e3 O-O 10. Be2 dxc4 11. Bxc4 Qxd1+ 12. Kxd1 Rd8+ 13. Kc2 e5 14. f3
e4 15. fxe4 Nxe4 16. Nxe4 Bf5 17. Bd3 Rac8 18. Nf6+ gxf6 19. Bxf5 Nd4+ 20. Kb1
Nxf5 21. Rf1 Nd6 22. Rd1 b5 23. a4 b4 24. a5 Ne4 25. Rd4 Nc5 26. Ka2 Nd3 27.
Rxd8+ Rxd8 28. Kb3 a6 29. e4 Rd4 30. Be3 Rxe4 31. Bb6 Re2 32. Bd4 Rxg2 33. Bxf6
Rg4 34. Be7 Rg2 35. Bf6 Rg4 36. Be7 Rg2 37. Rg1 1/2-1/2

[Event "San Sebastian 2011/2012"]
[Site "San Sebastian ESP"]
[Date "2012.01.02"]
[Round "4"]
[White "Maze, S."]
[Black "Bacrot, E."]
[Result "1/2-1/2"]
[WhiteElo "2577"]
[BlackElo "2714"]
[PlyCount "106"]
[EventDate "2011.12.28"]

1. d4 Nf6 2. c4 g6 3. Nc3 Bg7 4. g3 O-O 5. Nf3 d6 6. Bg2 Nc6 7. O-O Bf5 8. d5
Na5 9. Nd4 Bd7 10. b3 c5 11. dxc6 bxc6 12. Bb2 Rb8 13. Rb1 Qc8 14. Qd2 Bh3 15.
Nc2 Bxg2 16. Kxg2 Rd8 17. e4 Nb7 18. Rfe1 h5 19. Rbd1 Nc5 20. Ba1 h4 21. Qe2 e5
22. Bb2 Bh6 23. Ba3 Nb7 24. Rd3 Qe6 25. h3 Kg7 26. g4 Nd7 27. Na4 Qe7 28. c5
dxc5 29. Red1 Nf8 30. Rxd8 Rxd8 31. Rxd8 Qxd8 32. Nxc5 Nxc5 33. Bxc5 Ne6 34.
Be3 Bxe3 35. fxe3 Ng5 36. Ne1 Nxe4 37. Qd3 Qd5 38. Qxd5 cxd5 39. Nf3 Kf6 40.
Nxh4 a5 41. Kf1 Nc3 42. a4 Na2 43. Nf3 g5 44. e4 d4 45. Nd2 Ke6 46. Nc4 Nc3 47.
Nxa5 Nxe4 48. Nc4 Nc5 49. a5 Na6 50. Nd2 Kd5 51. Nf3 f6 52. h4 e4 53. Ke2 Nb4
1/2-1/2

[Event "San Sebastian 2011/2012"]
[Site "San Sebastian ESP"]
[Date "2012.01.02"]
[Round "4"]
[White "Miton, K."]
[Black "Moiseenko, A1."]
[Result "0-1"]
[WhiteElo "2622"]
[BlackElo "2715"]
[PlyCount "126"]
[EventDate "2011.12.28"]

1. d4 Nf6 2. c4 e6 3. Nf3 Bb4+ 4. Bd2 c5 5. Bxb4 cxb4 6. e3 b6 7. a3 Qe7 8. Be2
Bb7 9. O-O O-O 10. Qb3 Na6 11. Ne5 d6 12. Nd3 e5 13. d5 bxa3 14. Qxa3 b5 15.
Nd2 Nc7 16. b3 a5 17. e4 Nd7 18. Qb2 Rfb8 19. Qc3 b4 20. Qb2 Bc8 21. Ra2 a4 22.
Rxa4 Rxa4 23. bxa4 Na6 24. Bg4 b3 25. Bxd7 Bxd7 26. a5 f5 27. Re1 fxe4 28. Nxe4
Bf5 29. h3 Qc7 30. Qc3 Bxe4 31. Rxe4 Nc5 32. Re1 Nxd3 33. Qxd3 Qxa5 34. Rb1 b2
35. Qc2 Qb4 36. Kh2 g6 37. Qe2 Kg7 38. Qe3 Rb7 39. f4 Qxc4 40. fxe5 Qxd5 41.
exd6 Qxd6+ 42. Kh1 h5 43. Qc3+ Qf6 44. Qc2 Qb6 45. Qc3+ Kh7 46. Qd2 Qb5 47. Qc2
Qe5 48. Qd2 Qf6 49. Qc2 Qd4 50. Qe2 Qc3 51. Qe4 Ra7 52. Kh2 Qc7+ 53. g3 Ra3 54.
Rg1 Ra1 55. Rb1 Qa7 56. h4 Rxb1 57. Qxb1 Qf2+ 58. Kh1 Qd2 59. Qe4 Kh6 60. g4
hxg4 61. h5 Qc1+ 62. Kg2 b1=Q 63. Qf4+ Qxf4 0-1

[Event "San Sebastian 2011/2012"]
[Site "San Sebastian ESP"]
[Date "2012.01.02"]
[Round "4"]
[White "Moiseenko, A."]
[Black "Miton, K."]
[Result "1/2-1/2"]
[WhiteElo "2715"]
[BlackElo "2622"]
[PlyCount "123"]
[EventDate "2011.12.28"]

1. d4 d5 2. c4 c6 3. Nf3 Nf6 4. Nc3 a6 5. a4 e6 6. Bg5 Be7 7. e3 a5 8. Be2 Na6
9. O-O O-O 10. Qb3 Nb4 11. Na2 Na6 12. Rfc1 h6 13. Bf4 Ne4 14. h3 Bh4 15. Rf1
Be7 16. Rac1 Nb4 17. Rfd1 Bh4 18. Rf1 Be7 19. c5 b6 20. Nxb4 axb4 21. Ne5 bxc5
22. Nxc6 c4 23. Nxd8 cxb3 24. Nc6 Bg5 25. Bxg5 hxg5 26. Ne7+ Kh8 27. Nxc8 Rfxc8
28. Rxc8+ Rxc8 29. Bd3 Nd2 30. Ra1 Nc4 31. Rc1 Rc6 32. Bxc4 dxc4 33. Kf1 c3 34.
Ke2 cxb2 35. Rb1 Rc2+ 36. Kd3 f5 37. a5 Rc3+ 38. Kd2 Rc2+ 39. Kd3 Kg8 40. a6
Rc3+ 41. Kd2 Rc6 42. Rxb2 Rxa6 43. Rxb3 Ra2+ 44. Ke1 Ra4 45. Kd2 Kf7 46. Rb2
Kf6 47. Kc2 Ra1 48. Kb3 Rg1 49. g3 Rh1 50. Kxb4 Rxh3 51. Kc4 f4 52. gxf4 gxf4
53. exf4 Rf3 54. Re2 g6 55. d5 Rxf4+ 56. Kc5 exd5 57. Kxd5 g5 58. Re8 Kf5 59.
Rf8+ Kg4 60. Rxf4+ Kxf4 61. Ke6 g4 62. Kf6 1/2-1/2

[Event "San Sebastian 2011/2012"]
[Site "San Sebastian ESP"]
[Date "2012.01.02"]
[Round "4"]
[White "Naiditsch, A."]
[Black "Volokitin, And"]
[Result "0-1"]
[WhiteElo "2712"]
[BlackElo "2695"]
[PlyCount "60"]
[EventDate "2011.12.28"]

1. Nf3 Nf6 2. c4 g6 3. Nc3 d5 4. cxd5 Nxd5 5. h4 Bg7 6. h5 Nc6 7. d4 Bg4 8. h6
Bf6 9. e4 Ndb4 10. d5 Nd4 11. Bd3 c6 12. Bb1 cxd5 13. e5 Bxe5 14. Qa4+ b5 15.
Qxb4 Bxf3 16. gxf3 Rc8 17. Ne2 Rc2 18. Kd1 a5 19. Qa3 Rxe2 20. f4 Qd7 21. Rg1
Bf6 22. Be3 Rxb2 23. Qxb2 Nf3 24. Qb3 Nxg1 25. Bd3 O-O 26. Rc1 Qg4+ 27. Kc2 Ne2
28. Re1 Rc8+ 29. Kb1 Nc3+ 30. Kc2 a4 0-1

[Event "San Sebastian 2011/2012"]
[Site "San Sebastian ESP"]
[Date "2012.01.02"]
[Round "4"]
[White "Ponomariov, R."]
[Black "Feller, S."]
[Result "1-0"]
[WhiteElo "2723"]
[BlackElo "2658"]
[PlyCount "63"]
[EventDate "2011.12.28"]

1. d4 Nf6 2. c4 e6 3. Nf3 d5 4. e3 a6 5. Nbd2 c5 6. b3 cxd4 7. exd4 Be7 8. Bb2
O-O 9. Bd3 b6 10. O-O Bb7 11. Rc1 Nbd7 12. Qe2 Re8 13. Rfd1 Bf8 14. Ne5 g6 15.
Ndf3 dxc4 16. bxc4 Nxe5 17. Nxe5 Nd7 18. f4 Bh6 19. Qf2 Rc8 20. Rc2 b5 21. Ng4
Bg7 22. cxb5 Rxc2 23. Qxc2 Qb6 24. a4 Bxd4+ 25. Kh1 e5 26. fxe5 Bxb2 27. Qxb2
h5 28. Bc4 Qc7 29. e6 Qxc4 30. exd7 Rd8 31. Nf6+ Kf8 32. Re1 1-0

[Event "San Sebastian 2011/2012"]
[Site "San Sebastian ESP"]
[Date "2012.01.02"]
[Round "4"]
[White "Volokitin, And"]
[Black "Naiditsch, A."]
[Result "0-1"]
[WhiteElo "2695"]
[BlackElo "2712"]
[PlyCount "158"]
[EventDate "2011.12.28"]

1. e4 e5 2. Nf3 Nc6 3. Bb5 Nf6 4. O-O Nxe4 5. d4 Nd6 6. Bxc6 dxc6 7. dxe5 Nf5
8. Qxd8+ Kxd8 9. h3 Ke8 10. Nc3 Be6 11. g4 Ne7 12. Ng5 Bd7 13. f4 h5 14. f5
hxg4 15. hxg4 Rh4 16. Rf4 Nd5 17. Nxd5 cxd5 18. Be3 c5 19. c3 Be7 20. Nf3 Rh6
21. g5 Rh5 22. f6 gxf6 23. gxf6 Bf8 24. Rh4 Rxh4 25. Nxh4 Bc6 26. Kf2 Kd7 27.
Nf3 Ke6 28. Rg1 a5 29. Rg8 b5 30. Rxf8 Rxf8 31. Bxc5 Rc8 32. Be7 Be8 33. Bd6
Kf5 34. Ke3 Bd7 35. Nd4+ Kg6 36. Nb3 a4 37. Nc5 Bf5 38. Kd4 Rh8 39. Kxd5 Rh2
40. a3 Rxb2 41. Nb7 Be6+ 42. Kc6 Kf5 43. Nd8 Rb3 44. Kb6 Bc4 45. Nc6 Rxc3 46.
Nd4+ Kg6 47. Ka5 Rd3 48. Bc5 Re3 49. Bd6 Rd3 50. Bc5 Rd1 51. Kb4 Rb1+ 52. Ka5
Bf1 53. Bd6 Rd1 54. Bc5 Rd3 55. e6 fxe6 56. Nxe6 Kxf6 57. Nc7 Rb3 58. Bb4 Rh3
59. Kb6 Rh5 60. Bc5 Ke5 61. Nxb5 Kd5 62. Nd6 Bd3 63. Bb4 Kd4 64. Kc6 Ke3 65.
Nc8 Be4+ 66. Kd6 Kd4 67. Kc7 Rb5 68. Nd6 Rh5 69. Nxe4 Kxe4 70. Kc6 Kd4 71. Kb6
Kc4 72. Bf8 Kb3 73. Bb4 Rh4 74. Be7 Rc4 75. Kb5 Rc2 76. Bb4 Ra2 77. Kc5 Rxa3
78. Bxa3 Kxa3 79. Kc4 Kb2 0-1

[Event "San Sebastian 2011/2012"]
[Site "San Sebastian ESP"]
[Date "2012.01.03"]
[Round "5"]
[White "Bacrot, E."]
[Black "Moiseenko, A1."]
[Result "1/2-1/2"]
[WhiteElo "2714"]
[BlackElo "2715"]
[PlyCount "53"]
[EventDate "2011.12.28"]

1. d4 Nf6 2. c4 e6 3. Nf3 Bb4+ 4. Nc3 c5 5. g3 cxd4 6. Nxd4 O-O 7. Bg2 d5 8.
cxd5 Nxd5 9. Qb3 Qa5 10. Bd2 Nc6 11. Nxc6 bxc6 12. O-O Bxc3 13. bxc3 Ba6 14.
Rfd1 Qc5 15. e4 Bc4 16. Qa4 Nb6 17. Qb4 Qh5 18. Bf4 c5 19. Qa5 Be2 20. Re1 e5
21. Bxe5 Nc4 22. Qa6 Qxe5 23. Rxe2 Qxc3 24. Ree1 Ne5 25. Rec1 Qd2 26. Rd1 Qb4
27. Rdb1 1/2-1/2

[Event "San Sebastian 2011/2012"]
[Site "San Sebastian ESP"]
[Date "2012.01.03"]
[Round "5"]
[White "Gashimov, V."]
[Black "Laznicka, V."]
[Result "1/2-1/2"]
[WhiteElo "2757"]
[BlackElo "2703"]
[PlyCount "108"]
[EventDate "2011.12.28"]

1. c4 c6 2. d4 d5 3. Nf3 Nf6 4. Nc3 a6 5. e3 b5 6. c5 g6 7. Ne5 Bg7 8. Bd3 O-O
9. O-O Bf5 10. Bxf5 gxf5 11. b4 a5 12. bxa5 Qxa5 13. Bd2 Qc7 14. a4 bxa4 15.
Nxa4 Nbd7 16. Nd3 Ra7 17. Rb1 Ng4 18. g3 e5 19. h3 Ngf6 20. Nb6 Re8 21. Nxd7
Nxd7 22. Bc3 e4 23. Nf4 Nxc5 24. Qh5 Qd7 25. dxc5 Bxc3 26. Rb6 Rc8 27. Ng2 Bf6
28. Rfb1 Kg7 29. Kh2 h6 30. Nf4 Be5 31. Qd1 Kh7 32. Ne2 Ra2 33. Kg2 Rg8 34. Rb7
Qe6 35. Rc1 Qg6 36. Rc2 Ra1 37. Rc1 Ra3 38. Kf1 h5 39. h4 Rg7 40. Re7 f6 41.
Rxg7+ Kxg7 42. Nd4 Rd3 43. Ne6+ Kh6 44. Qa4 Qe8 45. Rb1 Qxe6 46. Qa8 f4 47.
Qh8+ Kg6 48. g4 Qxg4 49. Qg8+ Kh6 50. Qh8+ Kg6 51. Qg8+ Kh6 52. Qh8+ Kg6 53.
Qe8+ Kh6 54. Qh8+ Kg6 1/2-1/2

[Event "San Sebastian 2011/2012"]
[Site "San Sebastian ESP"]
[Date "2012.01.03"]
[Round "5"]
[White "Moiseenko, A1."]
[Black "Bacrot, E."]
[Result "1/2-1/2"]
[WhiteElo "2715"]
[BlackElo "2714"]
[PlyCount "41"]
[EventDate "2011.12.28"]

1. d4 Nf6 2. c4 e6 3. Nc3 Bb4 4. Bg5 c5 5. d5 exd5 6. cxd5 O-O 7. e3 d6 8. Bd3
Nbd7 9. Nge2 h6 10. Bh4 Ne5 11. O-O Ng6 12. Bg3 Nh5 13. f4 f5 14. Bf2 Nf6 15.
Kh1 Bd7 16. h3 Kh8 17. Qc2 Ne7 18. Bh4 Ng6 19. Bf2 Ne7 20. Bh4 Ng6 21. Bf2
1/2-1/2

[Event "San Sebastian 2011/2012"]
[Site "San Sebastian ESP"]
[Date "2012.01.04"]
[Round "6"]
[White "Dominguez Perez, L."]
[Black "Volokitin, And"]
[Result "1/2-1/2"]
[WhiteElo "2712"]
[BlackElo "2695"]
[PlyCount "42"]
[EventDate "2011.12.28"]

1. e4 e5 2. Nf3 Nc6 3. Bb5 Nf6 4. d3 Bc5 5. c3 O-O 6. O-O d6 7. Nbd2 a6 8. Ba4
Ba7 9. h3 Nh5 10. Bxc6 bxc6 11. Nxe5 dxe5 12. Qxh5 Qxd3 13. Qxe5 f5 14. Nb3
fxe4 15. Be3 Bxe3 16. fxe3 Qxe3+ 17. Kh2 Bxh3 18. gxh3 Rf2+ 19. Rxf2 Qxf2+ 20.
Kh1 Qf3+ 21. Kh2 Qf2+ 1/2-1/2

[Event "San Sebastian 2011/2012"]
[Site "San Sebastian ESP"]
[Date "2012.01.04"]
[Round "6"]
[White "Laznicka, V."]
[Black "Moiseenko, A."]
[Result "0-1"]
[WhiteElo "2703"]
[BlackElo "2715"]
[PlyCount "60"]
[EventDate "2011.12.28"]

1. Nf3 Nf6 2. g3 b5 3. c3 Bb7 4. a4 a6 5. Bg2 e6 6. b4 c5 7. bxc5 Bxc5 8. Ba3
Qb6 9. O-O O-O 10. Qb3 Nc6 11. Bxc5 Qxc5 12. Qa3 b4 13. cxb4 Qxb4 14. Ne5 Qd4
15. Nf3 Qa7 16. Nc3 Nd4 17. Nxd4 Bxg2 18. Kxg2 Qxd4 19. d3 Rfc8 20. Rfc1 h5 21.
h4 Rab8 22. a5 d5 23. Nd1 Qe5 24. e3 Qf5 25. Rc3 Ng4 26. Qd6 Kh7 27. Qf4 Qg6
28. Rac1 Rxc3 29. Rxc3 Rb1 30. Qf3 Qf6 0-1